| 000 | 00874nam a2200157Ia 4500 | ||
|---|---|---|---|
| 008 | 100122s9999 xx 000 0 und d | ||
| 082 |
_b38308 _a823 |
||
| 100 | _aप्रीतम अमृृता | ||
| 245 | _aबंधन (पिंजर या हिंदी कादंबरीचा मराठी अनु-कुलकर्णी निर्मला ) | ||
| 260 |
_bसदानंद प्रकाशन _c1986 |
||
| 300 | _a143 | ||
| 630 | _aबंधन (पिंजर या हिंदी कादंबरीचा मराठी अनु-कुलकर्णी निर्मला ) | ||
| 700 | _aकुलकर्णी निर्मला | ||
| 730 | _aबंधन (पिंजर या हिंदी कादंबरीचा मराठी अनु-कुलकर्णी निर्मला ) | ||
| 942 | _cBOOK | ||
| 999 |
_c420509 _d420506 |
||